[Event "BSV - Berliner Einzelmeisterschaft 2025 "]
[Site "Berlin, Germany"]
[Date "2025.04.26"]
[Round "8.2"]
[White "Bueyuekasik, Diyap"]
[Black "Czernek, Tymon"]
[Result "1/2-1/2"]
[WhiteElo "2236"]
[BlackElo "2374"]
[PlyCount "135"]
[GameId "2170993180868641"]
[EventDate "2025.??.??"]
[TimeControl "40/6600:1800+30"]

1. Nf3 d5 2. g3 c5 3. d4 cxd4 4. Nxd4 g6 5. Bg2 Bg7 6. Nc3 e6 7. O-O Ne7 8. e4 e5 9. Nb3 d4 10. Nd5 O-O 11. c3 Nxd5 12. exd5 Qb6 13. cxd4 exd4 14. Bg5 Na6 15. Qd2 Re8 16. Bh6 Bf6 17. Bg5 Bg7 18. Bh6 Bf6 19. Rad1 Bg4 20. Rc1 Rad8 21. Rce1 Qb4 22. Rxe8+ Rxe8 23. Qf4 Bf5 24. Qf3 d3 25. Bd2 Qd6 26. g4 Bd7 27. Qxd3 Bxg4 28. Be3 Bd8 29. Bd4 h5 30. Qg3 Qd7 31. Qf4 g5 32. Qd2 h4 33. Re1 h3 34. Rxe8+ Qxe8 35. f3 Bh5 36. Bxh3 Bxf3 37. d6 Qe4 38. Qe3 b6 39. Qxe4 Bxe4 40. Bc3 Kf8 41. Bc8 Nc5 42. Nxc5 bxc5 43. a4 a5 44. Bd2 Bc6 45. Be3 c4 46. Ba6 Bd5 47. Bb5 f5 48. Bd7 f4 49. Bc5 Kf7 50. Bg4 Be6 51. Bh5+ Kf6 52. Bd4+ Kf5 53. Bf3 Bd7 54. Bd5 Bxa4 55. Bxc4 Ke4 56. Bc5 Bd7 57. b4 axb4 58. Bxb4 Bb6+ 59. Kg2 Bc6 60. Kf1 f3 61. Be1 Bd7 62. Bf2 Ba5 63. Bc5 Bc3 64. Ba6 g4 65. Kf2 Bf6 66. Bb7+ Kf4 67. Be3+ Kf5 68. Bxf3 1/2-1/2

[Event "BSV - Berliner Einzelmeisterschaft 2025 "]
[Site "Berlin, Germany"]
[Date "2025.04.26"]
[Round "8.3"]
[White "Hesse, Henrik"]
[Black "Klenburg, Mikhail"]
[Result "0-1"]
[WhiteElo "2252"]
[BlackElo "2338"]
[PlyCount "66"]
[GameId "2170993180868640"]
[EventDate "2025.??.??"]
[TimeControl "40/6600:1800+30"]

1. c4 e5 2. g3 d6 3. Bg2 g6 4. Nc3 Bg7 5. Nf3 Nf6 6. d4 Nbd7 7. O-O O-O 8. e4 c6 9. d5 cxd5 10. cxd5 a6 11. a4 Nc5 12. Qc2 Qb6 13. Nd2 Bd7 14. b3 Rfc8 15. Rb1 Qc7 16. Bb2 b5 17. axb5 axb5 18. b4 Na4 19. Rfc1 Bh6 20. Qd1 Nxb2 21. Rxb2 Qb6 22. Rcc2 Ng4 23. Ndb1 Ra1 24. Qf3 f5 25. Bh3 Qd4 26. Kg2 fxe4 27. Nxe4 Rf8 28. Bxg4 Rxf3 29. Bxf3 Bf5 30. Nbc3 Qd3 31. Re2 Rg1+ 32. Kxg1 Qxf3 33. g4 Bxg4 0-1

[Event "BSV - Berliner Einzelmeisterschaft 2025 "]
[Site "Berlin, Germany"]
[Date "2025.04.26"]
[Round "8.4"]
[White "Yatskar, Martin"]
[Black "Florstedt, Johannes"]
[Result "1/2-1/2"]
[WhiteElo "2169"]
[BlackElo "2382"]
[PlyCount "122"]
[GameId "2170993180868637"]
[EventDate "2025.??.??"]
[TimeControl "40/6600:1800+30"]

1. d4 Nf6 2. c4 g6 3. h4 c5 4. d5 d6 5. Nc3 e6 6. e4 exd5 7. exd5 Bg7 8. Be2 Nbd7 9. Nf3 O-O 10. Bf4 Re8 11. O-O Ne4 12. Nxe4 Rxe4 13. Bxd6 Qf6 14. Bd3 Re8 15. Bg3 Qxb2 16. Rb1 Qxa2 17. Re1 Nf6 18. Rxe8+ Nxe8 19. Qe1 Qa4 20. Rb5 Qa1 21. Rb1 Qa4 22. Rb5 Qa1 23. Bb1 Bd7 24. Rxb7 Nf6 25. Qe5 Qa6 26. Rb8+ Rxb8 27. Qxb8+ Be8 28. Ne5 Bf8 29. Bf4 Qb6 30. Nc6 Qxb8 31. Bxb8 a6 32. Bc7 Bxc6 33. dxc6 Ne8 34. Bb6 Bd6 35. g4 Kf8 36. Kg2 Ke7 37. Be4 Nc7 38. Kf3 Ne6 39. Bd5 Bc7 40. Bxe6 Bxb6 41. Bd5 h5 42. gxh5 gxh5 43. Kf4 a5 44. Kg5 a4 45. Be4 a3 46. Bb1 Kd6 47. Kxh5 Bd8 48. Kg4 Kxc6 49. h5 Bf6 50. Kf5 Bd4 51. f3 Kd6 52. h6 Ke7 53. h7 Kf8 54. Ke4 Kg7 55. Kd5 f5 56. Kc6 Kxh7 57. Bxf5+ Kh6 58. Bb1 Kg5 59. Kb5 Kf4 60. Ka4 Bb2 61. Kb5 Bd4 1/2-1/2

[Event "BSV - Berliner Einzelmeisterschaft 2025 "]
[Site "Berlin, Germany"]
[Date "2025.04.26"]
[Round "8.5"]
[White "Ermitsch, Magnus"]
[Black "Rose, Daniel"]
[Result "1-0"]
[WhiteElo "2401"]
[BlackElo "2022"]
[PlyCount "55"]
[GameId "2170993180876837"]
[EventDate "2025.??.??"]
[TimeControl "40/6600:1800+30"]

1. e4 e6 2. d4 d5 3. Nc3 Nf6 4. Bg5 Be7 5. e5 Nfd7 6. h4 h6 7. Bxe7 Qxe7 8. f4 a6 9. Qg4 f5 10. Qf3 c5 11. Nge2 Nc6 12. O-O-O b5 13. g4 cxd4 14. Nxd4 Nxd4 15. Rxd4 Qc5 16. Ne2 fxg4 17. Qxg4 Nf8 18. Qxg7 Rh7 19. Qg3 Rc7 20. Rd2 Bb7 21. Nd4 O-O-O 22. Bh3 Qc4 23. Kb1 Qb4 24. Rhd1 Kb8 25. Bxe6 Bc8 26. Bxc8 Rdxc8 27. f5 Rc3 28. Qf4 1-0

[Event "BSV - Berliner Einzelmeisterschaft 2025 "]
[Site "Berlin, Germany"]
[Date "2025.04.26"]
[Round "8.6"]
[White "Berger, Steve"]
[Black "Matviienko, Mykhailo"]
[Result "1-0"]
[WhiteElo "2425"]
[BlackElo "2158"]
[PlyCount "77"]
[GameId "2170993180876839"]
[EventDate "2025.??.??"]
[TimeControl "40/6600:1800+30"]

1. e4 Nf6 2. e5 Nd5 3. d4 d6 4. Nf3 Nb6 5. Be2 Nc6 6. exd6 exd6 7. d5 Ne5 8. O-O Nxf3+ 9. Bxf3 Be7 10. a4 O-O 11. a5 Nd7 12. Re1 Ne5 13. Be2 Ng6 14. a6 Bg5 15. Nc3 Bxc1 16. Qxc1 c5 17. axb7 Bxb7 18. Ba6 Qb6 19. Bxb7 Qxb7 20. Ra4 Rfe8 21. Rae4 Rec8 22. h4 h6 23. R1e3 Rab8 24. h5 Ne5 25. Rg3 Kf8 26. Qf4 Qd7 27. Nd1 Rb4 28. Ne3 Qa4 29. c4 Rxb2 30. Rxg7 Rc7 31. Qxh6 Qa1+ 32. Kh2 Rxf2 33. Rg5+ Ke7 34. Rexe5+ dxe5 35. d6+ Kd7 36. dxc7 Qd4 37. c8=Q+ Kxc8 38. Qc6+ Kd8 39. Rg8+ 1-0

[Event "BSV - Berliner Einzelmeisterschaft 2025 "]
[Site "Berlin, Germany"]
[Date "2025.04.26"]
[Round "8.7"]
[White "Ahmadinia, Ebrahim"]
[Black "Poltorak, Sebastian"]
[Result "1-0"]
[WhiteElo "2396"]
[BlackElo "2417"]
[PlyCount "67"]
[GameId "2170993179365404"]
[EventDate "2025.??.??"]
[TimeControl "40/6600:1800+30"]

1. e4 c6 2. d4 d5 3. Nc3 dxe4 4. Nxe4 Bf5 5. Ng3 Bg6 6. h4 h6 7. Be3 Qb6 8. Qc1 Nf6 9. Nf3 Nbd7 10. h5 Bh7 11. c4 Ng4 12. c5 Qc7 13. Bd2 e5 14. Rh4 f5 15. b4 Be7 16. Rh3 Bf6 17. Ne2 O-O-O 18. d5 Nxc5 19. bxc5 Rxd5 20. Qa3 Kb8 21. Nc3 Rd7 22. Rb1 e4 23. Ba6 Qc8 24. Bf4+ Ka8 25. Be2 Bxc3+ 26. Qxc3 exf3 27. Rxf3 Re8 28. Kf1 Rde7 29. Qa5 Ne5 30. Ra3 Qb8 31. Rb4 Rd7 32. f3 Bg8 33. Rba4 a6 34. Bxa6 1-0

[Event "BSV - Berliner Einzelmeisterschaft 2025 "]
[Site "Berlin, Germany"]
[Date "2025.04.26"]
[Round "8.8"]
[White "Jahnz, Laurin"]
[Black "Verbitsky, Jaroslaw"]
[Result "1-0"]
[WhiteElo "2192"]
[BlackElo "2065"]
[PlyCount "133"]
[GameId "2170993180876842"]
[EventDate "2025.??.??"]
[TimeControl "40/6600:1800+30"]

1. e4 c6 2. Nc3 d5 3. Nf3 Bg4 4. h3 Bxf3 5. Qxf3 e6 6. d4 Nf6 7. a3 dxe4 8. Qe3 Qa5 9. Bd2 Bb4 10. Nxe4 Bxd2+ 11. Nxd2 Nbd7 12. O-O-O O-O 13. g4 Nd5 14. Qg3 b5 15. Bd3 c5 16. Nb3 Qb6 17. dxc5 Nxc5 18. Nxc5 Qxc5 19. Be4 Rac8 20. Rd2 Nb6 21. Qe3 Qe7 22. Bd3 Nc4 23. Bxc4 Rxc4 24. Rhd1 Rfc8 25. Qxa7 Kf8 26. Qxe7+ Kxe7 27. c3 Rf4 28. Rd7+ Kf6 29. R1d2 Rcc4 30. Rb7 Rc5 31. Kd1 h5 32. Ke2 Re5+ 33. Kf1 hxg4 34. hxg4 Rxg4 35. Rdd7 g6 36. Rxf7+ Kg5 37. Rf8 Rc4 38. Rfb8 Rcc5 39. Kg2 Kf4 40. Rf8+ Ke4 41. Rd8 Rc4 42. Rdb8 Rcc5 43. Rd8 Rc4 44. Rd1 Kf4 45. Rd3 Rce4 46. Rf7+ Rf5 47. Rf3+ Kg5 48. R3xf5+ gxf5 49. Rb7 Re5 50. Kg3 Kf6 51. f3 Rd5 52. Kf4 Rc5 53. Ke3 Ke5 54. Rd7 Rc4 55. Rd4 f4+ 56. Kd3 Rc5 57. a4 bxa4 58. Rxa4 Rb5 59. Re4+ Kf5 60. b4 Rd5+ 61. Kc4 Rd1 62. Rd4 Rf1 63. Rd3 e5 64. b5 Rxf3 65. Rxf3 e4 66. Rf1 e3 67. Kd3 1-0

[Event "BSV - Berliner Einzelmeisterschaft 2025 "]
[Site "Berlin, Germany"]
[Date "2025.04.26"]
[Round "8.9"]
[White "Heerde, Thomas"]
[Black "Krefenstein, Sergej"]
[Result "1/2-1/2"]
[WhiteElo "1983"]
[BlackElo "2013"]
[PlyCount "91"]
[GameId "2170993180876838"]
[EventDate "2025.??.??"]
[TimeControl "40/6600:1800+30"]

1. e4 e6 2. d3 d5 3. Nd2 c5 4. Ngf3 Nc6 5. g3 Bd6 6. Bg2 Nge7 7. O-O O-O 8. Re1 Qc7 9. Qe2 f6 10. c3 d4 11. Nc4 e5 12. a4 Be6 13. Nfd2 b6 14. Rf1 a6 15. Nxd6 Qxd6 16. f4 dxc3 17. bxc3 Rfd8 18. Rb1 Rab8 19. f5 Bf7 20. Qg4 Qxd3 21. Nf3 h5 22. Qh4 Qxb1 23. Ng5 Rd3 24. Nxf7 Kxf7 25. Qxh5+ Kg8 26. g4 Qb3 27. g5 Rbd8 28. gxf6 gxf6 29. Bh6 Qf7 30. Qg4+ Kh7 31. Qh4 Rh8 32. Bf3 Ng6 33. Qh5 Nce7 34. Be2 Rdd8 35. Kh1 Kg8 36. fxg6 Qe6 37. Qh4 Nxg6 38. Rg1 Kf7 39. Rxg6 Kxg6 40. Qh5+ Kh7 41. Bg4 Qxg4 42. Qxg4 Kxh6 43. Qe6 Kg6 44. Kg2 Rd2+ 45. Kg3 Rhxh2 46. Qg8+ 1/2-1/2

[Event "BSV - Berliner Einzelmeisterschaft 2025 "]
[Site "Berlin, Germany"]
[Date "2025.04.26"]
[Round "8.10"]
[White "Brustkern, Juergen"]
[Black "Noeldner, Julian"]
[Result "1/2-1/2"]
[WhiteElo "2093"]
[BlackElo "2279"]
[PlyCount "46"]
[GameId "2170993180868643"]
[EventDate "2025.??.??"]
[TimeControl "40/6600:1800+30"]

1. c4 g6 2. d4 Nf6 3. h4 Bg7 4. e3 c5 5. d5 d6 6. Nc3 e6 7. Be2 exd5 8. cxd5 Nbd7 9. h5 Nxh5 10. Bxh5 gxh5 11. Nge2 Nf6 12. a4 Bf5 13. f3 Qe7 14. e4 Bg6 15. Bg5 O-O 16. Qd2 Qc7 17. Ng3 a6 18. Bh6 Rfe8 19. Bxg7 Kxg7 20. Qg5 Qd7 21. Rxh5 Ng8 22. Nf5+ Qxf5 23. Qxf5 Bxf5 1/2-1/2

[Event "BSV - Berliner Einzelmeisterschaft 2025 "]
[Site "Berlin, Germany"]
[Date "2025.04.26"]
[Round "8.11"]
[White "Niehaus, Frank"]
[Black "Jahnz, Fabian"]
[Result "0-1"]
[WhiteElo "2126"]
[BlackElo "2242"]
[PlyCount "86"]
[GameId "2170993180868644"]
[EventDate "2025.??.??"]
[TimeControl "40/6600:1800+30"]

1. d4 Nf6 2. c4 e6 3. Nc3 d5 4. Nf3 h6 5. e3 Be7 6. Bd3 O-O 7. O-O b6 8. b3 Bb7 9. Qc2 Nbd7 10. e4 dxe4 11. Nxe4 c5 12. Bb2 Nxe4 13. Bxe4 Bxe4 14. Qxe4 Bf6 15. Rad1 Qc7 16. Bc1 cxd4 17. Nxd4 Nc5 18. Qf3 Bxd4 19. Rxd4 Rad8 20. Rfd1 Rxd4 21. Rxd4 Rd8 22. Qd1 Rxd4 23. Qxd4 Qd7 24. Qxd7 Nxd7 25. Kf1 Kf8 26. Ke2 Ke7 27. Ba3+ Kf6 28. b4 e5 29. b5 Ke6 30. Bb4 f5 31. a4 e4 32. Ke3 Ne5 33. Kd4 Nd3 34. Bf8 Nxf2 35. Bxg7 f4 36. Bxh6 Kf5 37. Bf8 Nd3 38. h4 Ne1 39. h5 e3 40. h6 e2 41. h7 Nf3+ 42. Kd5 e1=Q 43. h8=Q Qe6# 0-1

[Event "BSV - Berliner Einzelmeisterschaft 2025 "]
[Site "Berlin, Germany"]
[Date "2025.04.26"]
[Round "8.12"]
[White "Kreutz, Jonas"]
[Black "Nogly, Christoph"]
[Result "1-0"]
[WhiteElo "2107"]
[BlackElo "2203"]
[PlyCount "95"]
[GameId "2170993180876840"]
[EventDate "2025.??.??"]
[TimeControl "40/6600:1800+30"]

1. e4 e5 2. Nf3 Nc6 3. Bc4 Nf6 4. Ng5 d5 5. exd5 Na5 6. Bb5+ Bd7 7. Qe2 Bd6 8. Bxd7+ Qxd7 9. Nc3 c6 10. dxc6 Nxc6 11. d3 Nd4 12. Qd1 Rc8 13. O-O O-O 14. Be3 Ba3 15. Bc1 Rc6 16. Nf3 Bd6 17. Bg5 Nxf3+ 18. Qxf3 Ng4 19. Ne4 Bc7 20. h3 f5 21. hxg4 fxe4 22. Qxe4 Rxc2 23. Rac1 Rxc1 24. Rxc1 Bb6 25. Be3 Bxe3 26. Qxe3 Qb5 27. b3 Rd8 28. Qxa7 h6 29. Qc5 Qxd3 30. Qxe5 Qd2 31. Qe6+ Kh7 32. Qf5+ Kg8 33. Rc8 Rxc8 34. Qxc8+ Kh7 35. Qf5+ Kg8 36. Qc8+ Kh7 37. Qxb7 Qe1+ 38. Kh2 Qxf2 39. Qe4+ g6 40. a4 Qh4+ 41. Kg1 h5 42. a5 hxg4 43. b4 Qg5 44. Kf2 Qh4+ 45. Ke2 Qg3 46. a6 Qa3 47. Qe7+ Kh6 48. Qe3+ 1-0

[Event "BSV - Berliner Einzelmeisterschaft 2025 "]
[Site "Berlin, Germany"]
[Date "2025.04.26"]
[Round "8.13"]
[White "Richter, Michael"]
[Black "Torosyan, Bagrat"]
[Result "1-0"]
[WhiteElo "2402"]
[BlackElo "2145"]
[PlyCount "67"]
[GameId "2170993180876841"]
[EventDate "2025.??.??"]
[TimeControl "40/6600:1800+30"]

1. e4 e5 2. Nf3 Nc6 3. d4 exd4 4. Nxd4 Bc5 5. Nb3 Bb6 6. Qe2 a5 7. a4 Nge7 8. Nc3 O-O 9. Bg5 h6 10. Be3 Bxe3 11. Qxe3 d6 12. O-O-O f5 13. f4 fxe4 14. Qxe4 Bf5 15. Qf3 Kh8 16. g4 Ne5 17. Qg3 Bxg4 18. fxe5 Bxd1 19. Nxd1 Nf5 20. Qg4 dxe5 21. Bd3 Qg5+ 22. Qxg5 hxg5 23. Rg1 Nd6 24. Nc5 Rf4 25. Rxg5 e4 26. Rh5+ Kg8 27. Be2 Re8 28. Ne3 g6 29. Rg5 Kg7 30. Kd2 b6 31. Nb3 Rd8 32. Ke1 Nf5 33. Ng2 Kf6 34. Nxf4 1-0

[Event "BSV - Berliner Einzelmeisterschaft 2025 "]
[Site "Berlin, Germany"]
[Date "2025.04.26"]
[Round "8.14"]
[White "Matthes, Aaron"]
[Black "Caglar, Ertan"]
[Result "1-0"]
[WhiteElo "2253"]
[BlackElo "1836"]
[PlyCount "85"]
[GameId "2170993180876843"]
[EventDate "2025.??.??"]
[TimeControl "40/6600:1800+30"]

1. d4 f5 2. Bf4 Nf6 3. e3 e6 4. Nf3 Be7 5. h3 d5 6. Bd3 c6 7. c4 O-O 8. Nc3 Ne4 9. O-O Nd7 10. Rc1 g5 11. Bh2 Qe8 12. Ne5 h5 13. Bxe4 dxe4 14. d5 Bf6 15. Nxd7 Bxd7 16. Bd6 Be7 17. Bxe7 Qxe7 18. Qxh5 Rf7 19. Qe2 Rh7 20. f3 exf3 21. Qxf3 e5 22. dxc6 bxc6 23. Nd5 Qg7 24. Nc3 Rh4 25. Rcd1 Rf8 26. Rd6 Rxc4 27. Rfd1 Be8 28. e4 fxe4 29. Qe2 Rd4 30. R1xd4 exd4 31. Qc4+ Bf7 32. Qxd4 Qxd4+ 33. Rxd4 Bg6 34. Nxe4 Bxe4 35. Rxe4 Rf5 36. Ra4 Rb5 37. b3 Kf7 38. Rxa7+ Ke6 39. Ra4 Kf5 40. Rc4 Ra5 41. a4 c5 42. Kf2 Ke5 43. Ke3 1-0

[Event "BSV - Berliner Einzelmeisterschaft 2025 "]
[Site "Berlin, Germany"]
[Date "2025.04.26"]
[Round "8.15"]
[White "Vollmar, Timo"]
[Black "Foerster, Jonas"]
[Result "0-1"]
[WhiteElo "1882"]
[BlackElo "2266"]
[PlyCount "108"]
[GameId "2170993180868642"]
[EventDate "2025.??.??"]
[TimeControl "40/6600:1800+30"]

1. e4 c6 2. d4 d5 3. f3 g6 4. Nc3 Bg7 5. Be3 Qb6 6. Qd2 dxe4 7. fxe4 Nf6 8. O-O-O Ng4 9. Bg5 h6 10. Bh4 Nf6 11. Bc4 Bg4 12. Nf3 Bxf3 13. gxf3 e6 14. e5 Nd5 15. Ne4 Na6 16. Nd6+ Kd7 17. Nxf7 Rhf8 18. Nxh6 Qb4 19. Qxb4 Naxb4 20. Ng4 b5 21. Bxd5 Nxd5 22. Rhf1 Rf5 23. Rf2 Raf8 24. Rdf1 Rh8 25. Bg3 Bf8 26. Kd2 c5 27. c3 Kc6 28. Ne3 Nxe3 29. Kxe3 Kd5 30. Rd1 c4 31. Rg1 Be7 32. Rb1 Rc8 33. Rg2 a5 34. Be1 g5 35. Bd2 b4 36. Ke2 Rh8 37. Rf1 Rh3 38. f4 bxc3 39. bxc3 gxf4 40. Rf3 Rh4 41. h3 Bg5 42. Rg1 Ke4 43. Kf2 Rh7 44. Re1+ Kd5 45. Rb1 Bh4+ 46. Ke2 Bg3 47. Rb6 Rxh3 48. Rf1 Ke4 49. Rxe6 f3+ 50. Kd1 Bh4 51. Rh6 Kd3 52. e6 f2 53. e7 Rh1 54. Rxh1 f1=Q+ 0-1

[Event "BSV - Berliner Einzelmeisterschaft 2025 "]
[Site "Berlin, Germany"]
[Date "2025.04.26"]
[Round "8.1"]
[White "Alten, Silvio"]
[Black "Teschke, Max"]
[Result "0-1"]
[WhiteElo "1980"]
[BlackElo "1968"]
[PlyCount "136"]
[GameId "2170993180868638"]
[EventDate "2025.??.??"]
[TimeControl "40/6600:1800+30"]

1. f4 d5 2. e3 c5 3. Nf3 g6 4. c4 Nf6 5. b3 d4 6. exd4 cxd4 7. Bb2 Nc6 8. Na3 Bg7 9. Nb5 Nh5 10. g3 a6 11. Na3 Bg4 12. Bg2 Nb4 13. d3 O-O 14. Nc2 Nc6 15. O-O Qd7 16. Qd2 Bf6 17. Qf2 Rad8 18. Rae1 Bxf3 19. Bxf3 Ng7 20. Re2 a5 21. Ba3 Rfe8 22. Rfe1 e6 23. Bc5 Nf5 24. Qg2 Qc7 25. Be4 Ng7 26. Na3 Nb8 27. Ba7 b6 28. Nb5 Qc5 29. Bxb8 Rxb8 30. a3 e5 31. fxe5 Rxe5 32. Qf2 Nf5 33. Bd5 Rxd5 34. g4 Bh4 35. Qf4 Rdd8 36. gxf5 Bxe1 37. fxg6 hxg6 38. Rxe1 Qf5 39. Qxf5 gxf5 40. Re5 Re8 41. Rxf5 Re3 42. Rg5+ Kf8 43. Rg3 Rbe8 44. Rg4 Rxd3 45. Nxd4 Rd2 46. Kf1 Rxh2 47. b4 Re3 48. Nb5 Rb3 49. Kg1 Rc2 50. Rf4 Rb1+ 51. Rf1 Rxf1+ 52. Kxf1 Rxc4 53. bxa5 bxa5 54. Ke2 Rc5 55. Nd4 Rc3 56. Nb5 Rb3 57. a4 Ke7 58. Nd4 Ra3 59. Nc6+ Kd6 60. Nxa5 Rxa4 61. Nb3 Ra2+ 62. Nd2 Ke5 63. Ke3 Rxd2 64. Kxd2 Kf4 65. Ke2 Kg3 66. Kf1 f5 67. Kg1 f4 68. Kf1 Kf3 0-1

[Event "BSV - Berliner Einzelmeisterschaft 2025 "]
[Site "Berlin, Germany"]
[Date "2025.04.27"]
[Round "9.1"]
[White "Ermitsch, Magnus"]
[Black "Vavulin, Maxim"]
[Result "1/2-1/2"]
[WhiteElo "2401"]
[BlackElo "2527"]
[PlyCount "61"]
[GameId "2171245339156561"]
[EventDate "2025.??.??"]
[TimeControl "40/6600:1800+30"]

1. e4 e5 2. Nf3 Nc6 3. Bb5 a6 4. Ba4 Nf6 5. O-O Be7 6. d3 d6 7. c3 O-O 8. Re1 Re8 9. h3 h6 10. Nbd2 Bf8 11. d4 b5 12. Bc2 Bb7 13. b3 Nb8 14. Nf1 exd4 15. Nxd4 Nxe4 16. Nf5 Nf6 17. N1g3 Nbd7 18. Be3 Nc5 19. b4 Nce4 20. Nxe4 Bxe4 21. Bxe4 Rxe4 22. Qf3 d5 23. Bd4 Rxe1+ 24. Rxe1 Ne4 25. Qf4 c6 26. h4 h5 27. f3 Nd6 28. Ng3 Qd7 29. Re5 Re8 30. Rxe8 Qxe8 31. Nxh5 1/2-1/2

[Event "BSV - Berliner Einzelmeisterschaft 2025 "]
[Site "Berlin, Germany"]
[Date "2025.04.27"]
[Round "9.2"]
[White "Klenburg, Mikhail"]
[Black "Czernek, Tymon"]
[Result "0-1"]
[WhiteElo "2338"]
[BlackElo "2374"]
[PlyCount "86"]
[GameId "2171245339156570"]
[EventDate "2025.??.??"]
[TimeControl "40/6600:1800+30"]

1. Nf3 c5 2. g3 d5 3. c4 d4 4. b4 cxb4 5. a3 bxa3 6. Bxa3 Nc6 7. d3 g6 8. Bg2 Bg7 9. O-O Nf6 10. Nbd2 O-O 11. Nb3 Re8 12. Nfd2 e5 13. Nc5 Bf8 14. Qa4 Nd7 15. Nce4 Nb6 16. Qb3 Rb8 17. Rfb1 Bg4 18. h3 Be6 19. Bxf8 Rxf8 20. Nc5 Qe7 21. Qa3 h6 22. Bxc6 bxc6 23. Qxa7 Qxa7 24. Rxa7 Bxh3 25. Ra6 Nd7 26. Rxc6 Rxb1+ 27. Nxb1 Rb8 28. Nd2 Nxc5 29. Rxc5 Rb2 30. Ne4 f5 31. Nf6+ Kf7 32. Nd7 e4 33. Ne5+ Kf6 34. Rd5 e3 35. fxe3 dxe3 36. d4 Rxe2 37. Rd6+ Ke7 38. Rxg6 Re1+ 39. Kh2 e2 40. Nd3 Rd1 41. d5 Bg4 42. d6+ Kf8 43. Rf6+ Kg7 0-1

[Event "BSV - Berliner Einzelmeisterschaft 2025 "]
[Site "Berlin, Germany"]
[Date "2025.04.27"]
[Round "9.3"]
[White "Florstedt, Johannes"]
[Black "Bueyuekasik, Diyap"]
[Result "1-0"]
[WhiteElo "2382"]
[BlackElo "2236"]
[PlyCount "59"]
[GameId "2171245339156565"]
[EventDate "2025.??.??"]
[TimeControl "40/6600:1800+30"]

1. e4 c5 2. Nf3 d6 3. d4 cxd4 4. Nxd4 Nf6 5. Nc3 a6 6. Bc4 e6 7. Be3 Qc7 8. Bb3 Nbd7 9. f3 Nc5 10. g4 b5 11. a3 Rb8 12. Qd2 Nfd7 13. O-O-O Ne5 14. Kb1 Bd7 15. Qe2 Qb7 16. f4 Nc6 17. f5 Ne5 18. Rhf1 a5 19. fxe6 fxe6 20. Nf3 Ng6 21. Ng5 Nxb3 22. Qf2 Ne5 23. Nf7 Nxf7 24. Qxf7+ Kd8 25. cxb3 b4 26. Bg5+ Kc7 27. Na4 Qb5 28. Rc1+ Kb7 29. Rfd1 bxa3 30. Rc5 1-0

[Event "BSV - Berliner Einzelmeisterschaft 2025 "]
[Site "Berlin, Germany"]
[Date "2025.04.27"]
[Round "9.4"]
[White "Hesse, Henrik"]
[Black "Berger, Steve"]
[Result "0-1"]
[WhiteElo "2252"]
[BlackElo "2425"]
[PlyCount "104"]
[GameId "2171245339156562"]
[EventDate "2025.??.??"]
[TimeControl "40/6600:1800+30"]

1. c4 e6 2. g3 d5 3. Bg2 d4 4. Nf3 c5 5. e3 Nc6 6. exd4 cxd4 7. d3 Nf6 8. O-O Bc5 9. Na3 O-O 10. Nc2 a5 11. a3 e5 12. Bd2 Bf5 13. Re1 Bxd3 14. Nxe5 Nxe5 15. Rxe5 Bxc2 16. Qxc2 d3 17. Qd1 Bxf2+ 18. Kh1 Qc7 19. Bc3 Qxc4 20. Rf5 Ne4 21. Rf4 Nxc3 22. bxc3 Qc5 23. Qxd3 Rad8 24. Qf3 Be3 25. Re4 Qxc3 26. Rf1 Bd2 27. Qxc3 Bxc3 28. Rc4 Bb2 29. a4 b6 30. Rc7 Be5 31. Rb7 Bd4 32. Bc6 Bc5 33. Bb5 Rd4 34. Rf4 Rxf4 35. gxf4 f5 36. Bc4+ Kh8 37. Kg2 g6 38. h4 Re8 39. h5 gxh5 40. Bd3 Rg8+ 41. Kf3 Re8 42. Bxf5 Re3+ 43. Kg2 Ra3 44. Bd7 h4 45. Bc6 h3+ 46. Kh2 Bd6 47. Rf7 Kg8 48. Bd5 Rd3 49. Be6 h6 50. Rd7+ Kf8 51. Kh1 Ke8 52. Bf5 Rd1+ 0-1

[Event "BSV - Berliner Einzelmeisterschaft 2025 "]
[Site "Berlin, Germany"]
[Date "2025.04.27"]
[Round "9.5"]
[White "Polzin, Rainer"]
[Black "Yatskar, Martin"]
[Result "0-1"]
[WhiteElo "2401"]
[BlackElo "2169"]
[PlyCount "104"]
[GameId "2171245339156559"]
[EventDate "2025.??.??"]
[TimeControl "40/6600:1800+30"]

1. e4 e5 2. Nf3 Nc6 3. Bb5 a6 4. Ba4 Nf6 5. O-O d6 6. Bxc6+ bxc6 7. d4 exd4 8. Qxd4 Be7 9. Nc3 O-O 10. h3 Re8 11. Bf4 Nd7 12. Rfe1 Rb8 13. b3 Nc5 14. Qd2 Bf8 15. Rad1 Bd7 16. Bg3 f6 17. Nd4 Qe7 18. f3 Qf7 19. Bf2 Qg6 20. g4 h5 21. Nde2 Ne6 22. Be3 Ng5 23. Bxg5 fxg5 24. Kg2 h4 25. Nc1 Be7 26. Nd3 Rbd8 27. e5 Bc8 28. Ne4 c5 29. Qa5 Rd7 30. Nef2 Bf8 31. Qa4 d5 32. e6 Rxe6 33. Ne5 Qe8 34. Nxd7 Rxe1 35. Rxe1 Qxe1 36. Nxf8 Kxf8 37. Qc6 Qe5 38. Qxc5+ Ke8 39. Kf1 Bb7 40. Qb4 Bc6 41. a4 d4 42. Nd3 Qh2 43. Qxd4 Qxh3+ 44. Ke1 Qxf3 45. Qe5+ Kf8 46. Qxg5 h3 47. Qd8+ Be8 48. Qxc7 Qxg4 49. Qd6+ Kg8 50. Qb8 Qh5 51. Qh2 Qf3 52. Kd2 Qg2+ 0-1

[Event "BSV - Berliner Einzelmeisterschaft 2025 "]
[Site "Berlin, Germany"]
[Date "2025.04.27"]
[Round "9.6"]
[White "Jahnz, Laurin"]
[Black "Ahmadinia, Ebrahim"]
[Result "1/2-1/2"]
[WhiteElo "2192"]
[BlackElo "2396"]
[PlyCount "109"]
[GameId "2171245339156572"]
[EventDate "2025.??.??"]
[TimeControl "40/6600:1800+30"]

1. e4 c5 2. Nf3 Nc6 3. Bc4 e6 4. O-O Nf6 5. Re1 Nxe4 6. Rxe4 d5 7. Bxd5 Qxd5 8. Nc3 Qf5 9. d4 cxd4 10. Nxd4 Nxd4 11. Rxd4 Be7 12. Be3 O-O 13. Rf4 Qe5 14. Rg4 f6 15. Re4 Qc7 16. Rd4 Qc6 17. Qh5 Rf7 18. Qb5 Rb8 19. Qxc6 bxc6 20. Na4 e5 21. Rd2 Bf5 22. b3 Bf8 23. Rad1 Rfb7 24. Nc5 Rb5 25. Nd7 R8b7 26. Nxf8 Kxf8 27. b4 Kf7 28. Bc5 Rc7 29. a4 Rbb7 30. c3 a6 31. a5 Rc8 32. Rd6 g5 33. Kf1 h5 34. Ke2 h4 35. h3 Be6 36. Rd8 Rbb8 37. Rxc8 Rxc8 38. Rd6 Bd5 39. f3 Bc4+ 40. Ke3 Bf1 41. Kf2 Bb5 42. Bb6 Ke7 43. Bc5 Kf7 44. Bb6 Re8 45. Bd8 Re6 46. Rxe6 Kxe6 47. Bb6 Bc4 48. Bd8 Kf7 49. Bb6 Kg6 50. Bc7 Bd5 51. Bd8 f5 52. Bc7 Kf6 53. Bd8+ Kg6 54. Bc7 Kf6 55. Bd8+ 1/2-1/2

[Event "BSV - Berliner Einzelmeisterschaft 2025 "]
[Site "Berlin, Germany"]
[Date "2025.04.27"]
[Round "9.7"]
[White "Poltorak, Sebastian"]
[Black "Rose, Daniel"]
[Result "1-0"]
[WhiteElo "2417"]
[BlackElo "2022"]
[PlyCount "89"]
[GameId "2171245339156563"]
[EventDate "2025.??.??"]
[TimeControl "40/6600:1800+30"]

1. d4 d5 2. c4 e6 3. Nc3 Nf6 4. cxd5 exd5 5. Bg5 Be6 6. Nf3 c6 7. e3 h6 8. Bh4 Bd6 9. Bd3 Nbd7 10. O-O O-O 11. Rc1 Re8 12. Re1 Rc8 13. Bb1 Qb6 14. Qc2 g6 15. Qd2 Bg4 16. e4 dxe4 17. Nxe4 Nxe4 18. Bxe4 Kg7 19. a3 Qc7 20. Bg3 Bxg3 21. hxg3 Nf6 22. Ne5 Rcd8 23. Qc3 Qd6 24. Nxg4 Rxe4 25. Nxf6 Rxe1+ 26. Rxe1 Qxf6 27. Re5 Rd5 28. Rxd5 cxd5 29. Qc5 Qe6 30. Qxa7 Qe1+ 31. Kh2 Qxf2 32. Qxb7 Qxd4 33. Qb3 Qe5 34. a4 d4 35. Qd3 h5 36. a5 h4 37. a6 hxg3+ 38. Kh3 f5 39. a7 f4 40. Kg4 Qe6+ 41. Kf3 Qd5+ 42. Qe4 Qh5+ 43. Kxf4 Qh4+ 44. Kf3 Qf6+ 45. Kg4 1-0

[Event "BSV - Berliner Einzelmeisterschaft 2025 "]
[Site "Berlin, Germany"]
[Date "2025.04.27"]
[Round "9.8"]
[White "Krefenstein, Sergej"]
[Black "Jahnz, Fabian"]
[Result "0-1"]
[WhiteElo "2013"]
[BlackElo "2242"]
[PlyCount "50"]
[GameId "2171245339156569"]
[EventDate "2025.??.??"]
[TimeControl "40/6600:1800+30"]

1. e4 c5 2. Nf3 Nc6 3. Bb5 e6 4. Bxc6 bxc6 5. d3 Ne7 6. O-O Ng6 7. b3 e5 8. Bb2 d6 9. c3 Be7 10. d4 Ba6 11. Re1 Nf4 12. Re3 f6 13. g3 Ne6 14. d5 cxd5 15. Qxd5 Nc7 16. Qd2 d5 17. exd5 Nxd5 18. Re1 Bb7 19. Nh4 Qc8 20. c4 Nf4 21. Nc3 g5 22. gxf4 gxh4 23. Nd5 Qh3 24. Kh1 Rg8 25. Rg1 Qf3+ 0-1